[Event "Olympiad"]
[Site "masterchessopen.com Nice (France)"]
[Round "2"]
[White "Littleton Michael F (IRL)"]
[Black "Silva Fernando (POR)"]
[Result "0-1"]
[WhiteElo "2295"]
[BlackElo "2290"]

1.d4 Nf6 2.c4 g6 3.Nc3 Bg7 4.e4 d6 5.Be2 O-O 6.Bg5 h6 7.Be3 c5 8.d5 e6 9.Qd2
exd5 10.exd5 Kh7 11.h3 Re8 12.Bd3 Na6 13.Nge2 Nc7 14.a4 Nd7 15.Ng3 Ne5 16.Be2
f5 17.O-O a6 18.Rad1 Bd7 19.Bd3 Qh4 20.Nce2 Nxc4 21.Bxc4 Qxc4 22.Bf4 Bxa4
23.Ra1 Bb5 24.Bxd6 Nxd5 25.Rfe1 Nc3 26.Nxc3 Bc6 27.Rac1 Rad8 28.Rxe8 Rxe8
29.Nd1 Qd4 30.Bf4 Qxd2 {#R} 0-1

[Event "Ch DDR"]
[Site "masterchessopen.com Potsdam (Germany)"]
[Round "1"]
[White "Heinig Wolfram Dr (GER)"]
[Black "Boensch Uwe (GER)"]
[Result "0-1"]
[WhiteElo "2321"]
[BlackElo "2360"]

1.d4 Nf6 2.c4 g6 3.Nc3 Bg7 4.e4 d6 5.Be2 O-O 6.Bg5 h6 7.Be3 e5 8.d5 Nbd7 9.Qd2
h5 10.f3 Nh7 11.O-O-O Bf6 12.h4 Bxh4 13.g4 Bg5 14.gxh5 Bxe3 15.Qxe3 g5 16.Nh3
Kh8 17.Rdg1 f6 18.Nf2 a5 19.Bf1 Nc5 20.Bh3 Bxh3 21.Rxh3 c6 22.Ng4 Qc8 23.Rh2
Rb8 24.Nh6 b5 25.Nf5 cxd5 26.Nxd5 bxc4 27.Nfe7 Nd3+ 28.Kb1 Qb7 29.Ng6+ Kg7
30.Nxf8 Kxf8 31.Nxf6 Nxf6 32.Qxg5 Ke7 33.Qf5 Ne8 34.h6 Qb6 35.Qg5+ Nf6 36.Qg7+
Ke8 37.Qxf6 Qxg1+ {#R} 0-1

[Event "Ch Iceland"]
[Site "masterchessopen.com Reykjavik (Iceland)"]
[Round "4"]
[White "Kristinsson Jon (ISL)"]
[Black "Olafsson Thorvardur (ISL)"]
[Result "1-0"]
[WhiteElo "2355"]
[BlackElo "2174"]

1.d4 Nf6 2.c4 g6 3.Nc3 Bg7 4.e4 d6 5.Be2 O-O 6.Bg5 h6 7.Be3 e5 8.d5 a5 9.g4
Ne8 10.Qd2 Kh7 11.h4 f5 12.gxf5 gxf5 13.exf5 Bxf5 14.Bd3 Qd7 15.Nge2 Bxd3
16.Qxd3+ Qf5 17.Ne4 Kh8 18.N2g3 Qg6 19.O-O-O Na6 20.a3 Nf6 21.Rhg1 Nxe4
22.Nxe4 Qf5 23.Rg3 Rf7 24.Rdg1 b6 25.Nxd6 Qxd3 26.Nxf7+ Kg8 27.Rxg7+ Kf8
28.Nxe5 Qe2 29.Rf7+ {#r} 1-0

[Event "Ch Iceland"]
[Site "masterchessopen.com Reykjavik (Iceland)"]
[Round "7"]
[White "Viglundsson Bjorgvin (ISL)"]
[Black "Bjarnason Saevar (ISL)"]
[Result "0-1"]
[WhiteElo "2210"]
[BlackElo "2129"]

1.d4 Nf6 2.c4 g6 3.Nc3 Bg7 4.e4 d6 5.Be2 O-O 6.Bg5 h6 7.Be3 c5 8.d5 Qa5 9.Bd2
a6 10.Nf3 Qc7 11.O-O e6 12.Bd3 exd5 13.exd5 Bg4 14.h3 Bxf3 15.Qxf3 Nbd7 16.Qd1
b5 17.cxb5 c4 18.Be2 axb5 19.Nxb5 Qc5 20.Na3 Rxa3 21.bxa3 Nxd5 22.Bb4 Nxb4
23.axb4 Qxb4 24.Rb1 Qc5 25.Qa4 Ne5 26.Rb5 Qd4 27.Rd1 Qe4 28.Bf1 Ra8 29.Qb4
Rxa2 30.Qxd6 Qf4 31.Qc5 Kh7 32.Re1 Nf3+ 33.gxf3 Bd4 34.Qxc4 Qg3+ 35.Kh1 Rxf2
36.Qxf7+ Bg7 37.Qxg7+ Kxg7 38.Rb7+ Kf8 {#R} 0-1

[Event "Olympiad (corr.)"]
[Site "masterchessopen.com corr."]
[Round "0"]
[White "Landgraf Siegfried (GER)"]
[Black "Richardson Keith B (ENG)"]
[Result "0-1"]
[WhiteElo "2109"]
[BlackElo "2137"]

1.d4 Nf6 2.c4 g6 3.Nc3 Bg7 4.e4 O-O 5.Be2 d6 6.Bg5 h6 7.Be3 e5 8.d5 c6 9.h4
cxd5 10.cxd5 Nbd7 11.h5 Nc5 12.hxg6 Ncxe4 13.Bh5 fxg6 14.Bxg6 Nxc3 15.bxc3 Ng4
16.Qd2 Qf6 17.Be4 Bf5 18.Bxf5 Qxf5 19.Rc1 e4 20.c4 Ne5 21.Rc2 Rac8 22.Qe2 Nd3+
23.Kf1 Qf6 24.Qd2 Qa1+ 25.Ke2 Nxf2 26.Rc1 Nxh1 27.Rxa1 Ng3+ 28.Kd1 Rf1+ 29.Kc2
Rxa1 30.Kb3 Rb1+ {#R} 0-1

[Event "Zt"]
[Site "masterchessopen.com Fortaleza (Brazil)"]
[Round "7"]
[White "Emma Jaime (ARG)"]
[Black "Gamarra Caceres Carlos (PAR)"]
[Result "1-0"]
[WhiteElo "2405"]
[BlackElo "2233"]

1.d4 Nf6 2.c4 g6 3.Nc3 Bg7 4.e4 d6 5.Be2 O-O 6.Bg5 h6 7.Bh4 Nbd7 8.f4 c5 9.d5
a6 10.a4 Re8 11.Nf3 Qa5 12.O-O Qb4 13.Ra3 Nh5 14.Rb3 Qa5 15.Qc1 e5 16.fxe5
Nxe5 17.Nxe5 Rxe5 18.Bxh5 Rxh5 19.Bf6 Bxf6 20.Rxf6 Qc7 21.Qf4 Re5 22.a5 Qe7
23.Rb6 Bf5 24.Rbxd6 Bxe4 25.Rde6 Rxe6 26.dxe6 Bf5 27.Nd5 {#r} 1-0

[Event "Memorial Khodzhayev"]
[Site "masterchessopen.com Tashkent (Uzbekistan)"]
[Round "0"]
[White "Borisenko Georgy K (UZB)"]
[Black "Loginov Valery A (RUS)"]
[Result "1-0"]
[WhiteElo "2354"]
[BlackElo "2486"]

1.d4 Nf6 2.c4 g6 3.Nc3 Bg7 4.e4 d6 5.Be2 O-O 6.Bg5 h6 7.Be3 e5 8.d5 Nbd7 9.Bf3
Nh7 10.Qd2 Ng5 11.h4 Nxf3+ 12.Nxf3 h5 13.Ng5 Nf6 14.f3 b6 15.O-O-O Bd7 16.Kb1
Qc8 17.Rc1 Rd8 18.Nh3 c5 19.dxc6 Qxc6 20.Bg5 Re8 21.Bxf6 Bxf6 22.Nd5 Bg7
23.Nf2 b5 24.g4 hxg4 25.h5 bxc4 26.hxg6 fxg6 27.Nxg4 Bxg4 28.fxg4 Rab8 29.Qh2
Kf7 30.Qh7 Re7 31.Rhf1+ Ke6 32.Qxg6+ Kd7 33.Nxe7 {#r} 1-0

[Event "It (b)"]
[Site "masterchessopen.com Wijk aan Zee (Netherlands)"]
[Round "0"]
[White "Dieks Roy G (NED)"]
[Black "Bukic Enver (SLO)"]
[Result "1-0"]
[WhiteElo "2305"]
[BlackElo "2455"]

1.c4 g6 2.Nc3 Bg7 3.d4 Nf6 4.e4 d6 5.Be2 O-O 6.Bg5 h6 7.Be3 c5 8.dxc5 Qa5
9.Qd2 dxc5 10.Bxh6 Rd8 11.Qe3 Bxh6 12.Qxh6 Nxe4 13.Rc1 Nxc3 14.Rxc3 Qxa2
15.Qc1 Qa5 16.h4 f6 17.h5 g5 18.Nf3 Kh8 19.O-O Rg8 20.Nh4 Nc6 21.Ng6+ Rxg6
22.hxg6 Nd4 23.Bd3 Kg7 24.f4 Qc7 25.fxg5 f5 26.Qe1 Be6 27.Bxf5 Bxf5 28.Rxf5
Nxf5 29.Qe6 Nd6 30.Rh3 Rg8 31.Rh7+ Kf8 32.g7+ {#r} 1-0

[Event "Zt"]
[Site "masterchessopen.com Melbourne (Australia)"]
[Round "10"]
[White "Woodhams Michael (AUS)"]
[Black "Torre Eugenio (PHI)"]
[Result "0-1"]
[WhiteElo "2255"]
[BlackElo "2515"]

1.d4 Nf6 2.c4 g6 3.Nc3 Bg7 4.e4 d6 5.Be2 O-O 6.Bg5 h6 7.Be3 e5 8.d5 Nbd7 9.Qd2
h5 10.f3 a5 11.Nh3 Nc5 12.Nf2 Bd7 13.h3 c6 14.Bg5 cxd5 15.cxd5 Qb6 16.O-O Rfc8
17.Kh2 Nh7 18.Be3 Qd8 19.Rac1 Qe8 20.g4 h4 21.g5 b5 22.Ng4 b4 23.Nd1 Rc7
24.Bf2 Rac8 25.Nde3 Nxg5 26.Nc4 Qe7 27.Nb6 Bxg4 28.Bxc5 Rxc5 29.Nxc8 Bxc8
30.Rxc5 dxc5 31.d6 Qd8 32.d7 Bh6 33.dxc8=Q Qxc8 34.Qe1 Qxh3+ 35.Kg1 Ne6 36.Qf2
Nd4 37.Rd1 Bf4 38.Rd3 c4 39.Bf1 Qh2+ 40.Qxh2 Bxh2+ {#R} 0-1

[Event "Ch World (juniors) (under 20)"]
[Site "masterchessopen.com Tjentiste (Yugoslavia)"]
[Round "11"]
[White "Al-Atar S Salim (IRQ)"]
[Black "Delaney Paul (IRL)"]
[Result "0-1"]
[WhiteElo "2310"]
[BlackElo "2289"]

1.d4 Nf6 2.c4 g6 3.Nc3 Bg7 4.e4 d6 5.Be2 O-O 6.Bg5 h6 7.Be3 e5 8.d5 Nbd7 9.g4
Nc5 10.f3 h5 11.b4 Na6 12.b5 Nc5 13.h3 Nh7 14.Qd2 f5 15.gxf5 gxf5 16.Bd3 Qh4+
17.Bf2 Qf6 18.O-O-O Bh6 19.Be3 Bxe3 20.Qxe3 f4 21.Qf2 h4 22.Nge2 Kf7 23.Bc2
Bd7 24.Rdg1 Rg8 25.Kb2 Rxg1 26.Rxg1 Rg8 27.Rxg8 Kxg8 28.Ng1 Qg5 29.Nce2 Nf6
30.Kc3 Nh5 31.a3 Ng3 32.Nc1 Nh5 33.Nce2 a6 34.a4 Kf8 35.Kb4 b6 36.Qe1 Qd8
37.Qa1 Ng3 38.Nxf4 Qg5 39.Nd3 Qd2+ 40.Qc3 a5+ {#R} 0-1

[Event "Olympiad"]
[Site "masterchessopen.com Haifa (Israel)"]
[Round "10"]
[White "Woodhams Michael (AUS)"]
[Black "Micheli Carlo (ITA)"]
[Result "1-0"]
[WhiteElo "2430"]
[BlackElo "2265"]

1.d4 Nf6 2.c4 g6 3.Nc3 Bg7 4.e4 O-O 5.Be2 d6 6.Bg5 h6 7.Be3 c5 8.d5 e6 9.dxe6
Bxe6 10.Qd2 Kh7 11.h3 Nc6 12.Nf3 Qa5 13.O-O Rad8 14.a3 Rd7 15.b4 Qd8 16.Rab1
b6 17.Qc2 Ne8 18.Nd5 f5 19.Nf4 Bg8 20.exf5 gxf5 21.Bd3 Qf6 22.Nh4 Ne7 23.Nxf5
Nxf5 24.g4 Qe5 25.Rfe1 d5 26.Bd2 dxc4 27.Bxf5+ Qxf5 28.gxf5 Bf6 29.bxc5 Rg7+
30.Kf1 c3 31.Bxc3 Bc4+ 32.Nd3 Rd7 33.Rbd1 Bxc3 34.Qxc3 b5 35.Re4 Nf6 36.Rxc4
Nd5 37.Ne5 {#r} 1-0

[Event "Ch Israel"]
[Site "masterchessopen.com Israel"]
[Round "10"]
[White "Bernstein David (ISR)"]
[Black "Gelfer Israel (ISR)"]
[Result "1-0"]
[WhiteElo "2367"]
[BlackElo "2328"]

1.d4 Nf6 2.c4 g6 3.Nc3 Bg7 4.e4 d6 5.Be2 O-O 6.Bg5 h6 7.Be3 e5 8.d5 Nbd7 9.Qd2
Kh7 10.f3 Nh5 11.Nh3 f5 12.exf5 gxf5 13.O-O-O a6 14.g4 Nf4 15.Bxf4 exf4
16.Nxf4 Ne5 17.Nh5 Bh8 18.Qc2 b5 19.f4 Nxc4 20.Bxc4 bxc4 21.Rhe1 Bd7 22.Re3
Rf7 23.h3 Re7 24.Rde1 Rxe3 25.Rxe3 Qf8 26.Ng3 Bd4 27.Re2 Kh8 28.Nxf5 Bxf5
29.gxf5 Re8 30.Rxe8 Qxe8 31.Qe4 Be3+ 32.Kc2 Qxe4+ 33.Nxe4 Bxf4 34.Kc3 Be5+
35.Kxc4 Bxb2 36.Kb4 Kg7 37.Ka5 Ba3 38.Kxa6 {#r} 1-0

[Event "It (cat.8)"]
[Site "masterchessopen.com Reykjavik (Iceland)"]
[Round "0"]
[White "Olafsson Fridrik (ISL)"]
[Black "Keene Raymond D (ENG)"]
[Result "1-0"]
[WhiteElo "2550"]
[BlackElo "2460"]

1.e4 g6 2.d4 Bg7 3.c4 d6 4.Nc3 Nf6 5.Be2 O-O 6.Bg5 h6 7.Be3 e5 8.d5 Nbd7 9.g4
Nc5 10.f3 a5 11.h4 h5 12.g5 Nh7 13.Nh3 c6 14.Qd2 cxd5 15.Nxd5 Ra6 16.Nf2 Ne6
17.O-O-O Rc6 18.Kb1 Re8 19.Rc1 Bd7 20.Nd1 Nd4 21.N1c3 Nf8 22.Nf6+ Bxf6 23.gxf6
Nxe2 24.Qxe2 Qxf6 25.Nd5 Qe6 26.Qd2 Ra8 27.Bg5 Rc5 28.Nf6+ Kh8 29.Rhd1 Ra6
30.Nd5 Bc6 31.Bd8 Kg7 32.Nc7 Qh3 33.Nxa6 bxa6 34.Qxd6 {#r} 1-0

[Event "Ch Uzbekistan"]
[Site "masterchessopen.com Tashkent (Uzbekistan)"]
[Round "0"]
[White "Agzamov Valery (UZB)"]
[Black "Mukhin Evgeny B (UZB)"]
[Result "1-0"]
[WhiteElo "2183"]
[BlackElo "2294"]

1.d4 Nf6 2.c4 g6 3.Nc3 Bg7 4.e4 d6 5.Be2 O-O 6.Bg5 h6 7.Be3 e5 8.d5 Nbd7 9.g4
Nc5 10.f3 a5 11.h4 h5 12.g5 Ne8 13.Qd2 Bd7 14.Nh3 Na6 15.Nf2 c6 16.Nd3 cxd5
17.Nxd5 b5 18.cxb5 Bxb5 19.Nxe5 Rb8 20.Bxb5 Rxb5 21.Nc6 Qa8 22.Bd4 Nc5 23.O-O
Ne6 24.Bxg7 Kxg7 25.Rac1 f6 26.Kg2 fxg5 27.hxg5 Qb7 28.Nd4 Nxd4 29.Qxd4+ Kg8
30.b3 Rf7 31.Rc4 Nc7 32.Nf6+ Kg7 33.Nxh5+ Kg8 34.Nf6+ Kg7 35.Nd5+ Kg8 36.Rh1
{#r} 1-0

[Event "It"]
[Site "masterchessopen.com Bad Lauterberg (Germany)"]
[Round "0"]
[White "Gerusel Mathias (GER)"]
[Black "Liberzon Vladimir M (ISR)"]
[Result "0-1"]
[WhiteElo "2420"]
[BlackElo "2550"]

1.d4 Nf6 2.c4 g6 3.Nc3 Bg7 4.e4 d6 5.Be2 O-O 6.Bg5 h6 7.Be3 c5 8.dxc5 Qa5
9.Bd2 Qxc5 10.Nf3 Bg4 11.O-O Nbd7 12.b4 Qc8 13.Rc1 Kh8 14.a3 Be6 15.Bd3 Bxc4
16.Nd5 b5 17.Bxc4 bxc4 18.Qe2 Nb6 19.Nxf6 exf6 20.Be3 f5 21.Bd4 Bxd4 22.Nxd4
fxe4 23.Qxe4 Qd7 24.Rc3 Rae8 25.Qf4 Kg7 26.Rh3 Rh8 27.Rg3 Re5 28.b5 Rhe8
29.Rh3 h5 30.Rg3 Nd5 31.Qd2 Nf6 32.f3 Qc7 33.Rc1 Qc5 34.Kf1 Rd5 35.Rd1 c3
36.Qd3 Rxd4 37.Qxd4 c2 {#R} 0-1

[Event "It (cat.9)"]
[Site "masterchessopen.com Decin (Czech Republic)"]
[Round "0"]
[White "Alburt Lev O (USA)"]
[Black "Plachetka Jan (SVK)"]
[Result "1-0"]
[WhiteElo "2505"]
[BlackElo "2455"]

1.d4 Nf6 2.c4 g6 3.Nc3 Bg7 4.e4 d6 5.Be2 O-O 6.Bg5 h6 7.Be3 e5 8.d5 Nbd7 9.Qc2
a5 10.h4 Nc5 11.h5 Nxh5 12.Bxh5 gxh5 13.Rxh5 Qf6 14.f3 b6 15.g4 Ba6 16.b3 Rfc8
17.Kf2 c6 18.dxc6 Rxc6 19.Nd5 Qe6 20.Ne2 b5 21.Rah1 bxc4 22.bxc4 Rb8 23.Kg3
Rb4 24.Bxh6 Rxc4 25.Qd2 Nxe4+ 26.fxe4 Rxe4 27.Rg5 Bxe2 28.Rxg7+ Kh8 29.Rh7+
Kxh7 30.Bf8+ Kg8 31.Qg5+ {#r} 1-0

[Event "It"]
[Site "masterchessopen.com Hastings (England)"]
[Round "10"]
[White "Farago Ivan (HUN)"]
[Black "Vukcevich Milan R (USA)"]
[Result "1-0"]
[WhiteElo "2500"]
[BlackElo "2445"]

1.d4 Nf6 2.c4 g6 3.Nc3 Bg7 4.e4 d6 5.Be2 O-O 6.Bg5 h6 7.Be3 e5 8.d5 Na6 9.Qd2
h5 10.f3 Nc5 11.Bd1 a5 12.Bc2 Nh7 13.O-O-O Bf6 14.g3 h4 15.Rf1 Qe7 16.f4 exf4
17.Bxc5 dxc5 18.gxf4 Bg7 19.Nf3 Bg4 20.e5 f5 21.exf6 Qxf6 22.Ne5 Bf5 23.Rhg1
g5 24.Ne4 Bxe4 25.Bxe4 Qh6 26.Bxh7+ Kxh7 27.Qd3+ Kg8 28.Rxg5 Rxf4 29.Rfg1 Rd4
30.Qg6 {#r} 1-0

[Event "?"]
[Site "masterchessopen.com Lone Pine (USA)"]
[Round "0"]
[White "Diesen Mark C (USA)"]
[Black "McCambridge Vincent (USA)"]
[Result "1-0"]
[WhiteElo "2360"]
[BlackElo "2459"]

1.c4 Nf6 2.Nc3 g6 3.e4 d6 4.d4 Bg7 5.Be2 O-O 6.Bg5 h6 7.Be3 e5 8.d5 Na6 9.Qd2
Kh7 10.f3 Bd7 11.O-O-O Nc5 12.g4 Ne8 13.h4 a6 14.Kb1 Qb8 15.b4 b5 16.bxc5 b4
17.Ka1 bxc3 18.Qxc3 dxc5 19.Bxc5 Nd6 20.Bd3 Qc8 21.Ne2 Rb8 22.Rdg1 Rd8 23.h5
g5 24.Rb1 Bf8 25.Be3 f6 26.Rxb8 Qxb8 27.Rb1 Qc8 28.Qb3 Kh8 29.c5 Nb5 30.a4 Na7
31.Qb7 Qxb7 32.Rxb7 Nc6 33.dxc6 Bxc6 34.Rb3 Bxa4 35.Ra3 Bd1 36.Ng1 {#r} 1-0

[Event "It"]
[Site "masterchessopen.com Lublin (Poland)"]
[Round "2"]
[White "Radev Nikolai (BUL)"]
[Black "Martinovic Slobodan (SRB)"]
[Result "0-1"]
[WhiteElo "2304"]
[BlackElo "2436"]

1.d4 Nf6 2.c4 g6 3.Nc3 Bg7 4.e4 d6 5.Be2 O-O 6.Bg5 h6 7.Be3 e5 8.d5 Nbd7 9.g4
Nc5 10.f3 a5 11.h4 h5 12.g5 Nh7 13.Nh3 f6 14.Qd2 Bxh3 15.Rxh3 fxg5 16.hxg5 Rf4
17.Bxf4 exf4 18.Qxf4 Be5 19.Qe3 Nxg5 20.Rh1 Qf6 21.Rf1 Bf4 22.Qg1 a4 23.a3 Nb3
24.Rd1 Nh3 25.Qg2 Qh4+ 26.Rf2 Nxf2 27.e5 Ng4+ {#R} 0-1

[Event "?"]
[Site "masterchessopen.com Polanica Zdroj (Poland)"]
[Round "5"]
[White "Hort Vlastimil (GER)"]
[Black "Vogt Lothar (GER)"]
[Result "1-0"]
[WhiteElo "2620"]
[BlackElo "2495"]

1.d4 Nf6 2.c4 g6 3.Nc3 Bg7 4.e4 d6 5.Be2 O-O 6.Bg5 h6 7.Be3 e5 8.d5 c6 9.h4
cxd5 10.cxd5 Nbd7 11.h5 g5 12.g4 Nc5 13.f3 a5 14.a4 Ne8 15.Bc4 Qf6 16.Nh3 Nc7
17.O-O Bd7 18.Qe2 Rfc8 19.Nf2 Bf8 20.Rfc1 Be7 21.Kg2 N7a6 22.b3 Bd8 23.Nh1 Bb6
24.Ng3 Nb4 25.Rab1 Kh7 26.Nb5 Bxb5 27.Bxb5 Qd8 28.Nf5 Nca6 29.Bxa6 Nxa6
30.Bxb6 Qxb6 31.Qb5 Qxb5 32.axb5 Rxc1 33.Rxc1 Nc5 34.Rc3 Rd8 35.b6 Rd7 36.Kf2
a4 37.bxa4 Nxa4 38.Rc7 Nxb6 39.Rxd7 Nxd7 40.Nxd6 {#r} 1-0

[Event "It \"]
[Site "masterchessopen.com USA"]
[Round "0"]
[White "Van Tilbury Craig (IVB)"]
[Black "Roehl Rainer (GER)"]
[Result "1-0"]
[WhiteElo "2264"]
[BlackElo "2169"]

1.d4 Nf6 2.c4 g6 3.Nc3 Bg7 4.e4 d6 5.Be2 O-O 6.Bg5 h6 7.Be3 e5 8.d5 c6 9.Qd2
cxd5 10.cxd5 Kh7 11.h4 Nxe4 12.Nxe4 f5 13.h5 g5 14.Nxg5+ hxg5 15.Bxg5 Bf6
16.Nf3 Rg8 17.Bxf6 Qxf6 18.Nh4 Nd7 19.f3 Nc5 20.b4 e4 21.Rc1 exf3 22.gxf3 Bd7
23.bxc5 Rg1+ 24.Rxg1 Qxh4+ 25.Kf1 Qh3+ 26.Kf2 Qh4+ 27.Ke3 Re8+ 28.Kd3 Bb5+
29.Kc3 Qf6+ 30.Kb3 Rxe2 31.Rg6 Qf8 32.Qf4 a5 33.cxd6 a4+ 34.Ka3 Bd7 35.Rc7
{#r} 1-0

[Event "?"]
[Site "masterchessopen.com USA"]
[Round "0"]
[White "Taylor Timothy (USA)"]
[Black "Biyiasas Peter (USA)"]
[Result "1-0"]
[WhiteElo "2284"]
[BlackElo "2450"]

1.d4 Nf6 2.c4 g6 3.Nc3 Bg7 4.e4 d6 5.Be2 O-O 6.Bg5 h6 7.Be3 e5 8.d5 Nbd7 9.Qd2
Kh7 10.g4 Nc5 11.f3 a5 12.h4 h5 13.Nh3 hxg4 14.Ng5+ Kg8 15.O-O-O gxf3 16.Bxf3
Nh5 17.Rdg1 f5 18.Ne6 Bxe6 19.dxe6 f4 20.Bxc5 dxc5 21.Nd5 Ng3 22.e7 Qd6
23.exf8=Q+ {#r} 1-0

[Event "It"]
[Site "masterchessopen.com Vrbas (Yugoslavia)"]
[Round "1"]
[White "Uhlmann Wolfgang (GER)"]
[Black "Gligoric Svetozar (SRB)"]
[Result "1-0"]
[WhiteElo "2555"]
[BlackElo "2565"]

1.c4 g6 2.e4 Bg7 3.d4 d6 4.Nc3 Nf6 5.Be2 O-O 6.Bg5 h6 7.Be3 e5 8.d5 c6 9.Qd2
cxd5 10.cxd5 Kh7 11.h4 Ng4 12.Bxg4 Bxg4 13.h5 g5 14.Rc1 Na6 15.Nb5 Qe7 16.Ne2
Bd7 17.a4 Rfc8 18.Rxc8 Rxc8 19.Nxa7 Rc4 20.Nc3 Bxa4 21.Nc8 Rxc8 22.Nxa4 Rc4
23.Nc3 Qd7 24.Qe2 Rb4 25.Qc2 Bf6 26.O-O Qg4 27.Na2 Rb5 28.f3 Qxh5 29.b4 Bd8
30.Qa4 Rb6 31.Qd7 Bc7 32.Rc1 Kg7 33.Rxc7 Nxc7 34.Bxb6 Qh4 35.Bf2 Qf4 36.Qxc7
Qd2 37.Qxd6 {#r} 1-0

[Event "?"]
[Site "masterchessopen.com Dortmund (Germany)"]
[Round "0"]
[White "Kierzek Mira (MKD)"]
[Black "Marjanovic Slavoljub (SRB)"]
[Result "0-1"]
[WhiteElo "2023"]
[BlackElo "2450"]

1.d4 Nf6 2.c4 g6 3.Nc3 Bg7 4.e4 d6 5.Be2 O-O 6.Bg5 h6 7.Be3 c5 8.e5 Nfd7
9.exd6 exd6 10.Nf3 Nc6 11.Qd2 Kh7 12.Rd1 f5 13.g3 a6 14.h4 Qe8 15.Nd5 Ra7
16.Kf1 b5 17.cxb5 axb5 18.Bxb5 Bb7 19.dxc5 Qe4 20.Ke2 Rxa2 21.Ng5+ hxg5
22.hxg5+ Kg8 23.f3 Qe6 24.Bc4 Ba6 25.Qd3 Nxc5 {#R} 0-1

[Event "Ch Israel"]
[Site "masterchessopen.com Israel"]
[Round "0"]
[White "Gelfer Israel (ISR)"]
[Black "Grinberg Nir (ISR)"]
[Result "1-0"]
[WhiteElo "2328"]
[BlackElo "2375"]

1.d4 Nf6 2.c4 g6 3.Nc3 Bg7 4.e4 d6 5.Be2 O-O 6.Bg5 h6 7.Be3 c5 8.d5 e6 9.h3
exd5 10.exd5 b5 11.cxb5 a6 12.bxa6 Nxa6 13.Nf3 Qb6 14.Qd2 Rb8 15.Bxh6 Bxh6
16.Qxh6 Qxb2 17.Rc1 Re8 18.O-O Rxe2 19.Nxe2 Qxe2 20.Rce1 Qxa2 21.Ng5 Qxd5
22.Nh7 {#r} 1-0

[Event "Ch Belarus"]
[Site "masterchessopen.com Minsk (Belarus)"]
[Round "8"]
[White "Malisov Boris (ISR)"]
[Black "Zelkind Eduard (USA)"]
[Result "1-0"]
[WhiteElo "2318"]
[BlackElo "2177"]

1.d4 Nf6 2.c4 g6 3.Nc3 Bg7 4.e4 O-O 5.Be2 d6 6.Bg5 h6 7.Be3 e5 8.d5 Nbd7 9.g4
Nc5 10.f3 Nh7 11.h4 h5 12.gxh5 gxh5 13.Qd2 f5 14.b4 Nd7 15.O-O-O a5 16.a3 axb4
17.axb4 Ndf6 18.Nh3 fxe4 19.Nxe4 Bf5 20.Nhf2 Qd7 21.Rhg1 Ra3 22.Bh6 Ne8 23.b5
Ra1+ 24.Kb2 Rxd1 25.Bxd1 Nhf6 26.Bc2 Rf7 27.Qg5 Bxe4 28.Nxe4 Nxe4 29.Bxe4 Kf8
30.Bg6 e4+ 31.Bxg7+ Rxg7 32.fxe4 Qh3 33.Qf4+ Ke7 34.e5 Kd8 35.Qg5+ Re7 36.Bxe8
Qd3 37.exd6 cxd6 38.Re1 Qd4+ 39.Kb3 {#r} 1-0

[Event "Ch Baden (MB2)"]
[Site "masterchessopen.com Schonach (Germany)"]
[Round "6"]
[White "Maier Christian (GER)"]
[Black "Vatter Hans-Joachim (GER)"]
[Result "1-0"]
[WhiteElo "2352"]
[BlackElo "2322"]

1.d4 Nf6 2.c4 g6 3.Nc3 Bg7 4.e4 d6 5.Be2 O-O 6.Bg5 h6 7.Be3 c5 8.d5 e6 9.Qd2
exd5 10.exd5 Kh7 11.h3 Re8 12.g4 Ne4 13.Nxe4 Rxe4 14.Bd3 Re8 15.O-O-O b5
16.Ne2 bxc4 17.Bb1 Nd7 18.h4 Kg8 19.Nc3 Ne5 20.Bxh6 Bxg4 21.Bxg7 Kxg7 22.f4
Nd3+ 23.Bxd3 cxd3 24.Rdg1 Bf5 25.h5 Qf6 26.Rg5 Rh8 27.Nd1 Rae8 28.Ne3 Rxe3
29.Qxe3 Rb8 30.Qd2 Rxb2 31.Rxf5 Rxd2 32.h6+ Kh8 33.Rxf6 Rxa2 34.Kb1 Re2
35.Rxf7 d2 36.Rd1 {#r} 1-0

[Event "Ch Baden (MB2)"]
[Site "masterchessopen.com Schonach (Germany)"]
[Round "1"]
[White "Porth Dietmar (GER)"]
[Black "Vatter Hans-Joachim (GER)"]
[Result "0-1"]
[WhiteElo "2257"]
[BlackElo "2322"]

1.d4 Nf6 2.c4 g6 3.Nc3 Bg7 4.e4 d6 5.Be2 O-O 6.Bg5 h6 7.Be3 c5 8.d5 e6 9.Qd2
exd5 10.exd5 Kh7 11.h3 Re8 12.g4 Ne4 13.Nxe4 Rxe4 14.Bd3 Re8 15.O-O-O b5
16.cxb5 a6 17.Ne2 axb5 18.Bb1 Nd7 19.Qc2 Ne5 20.Nf4 Nc4 21.Rde1 Bxb2+ 22.Kd1
Qf6 23.Re2 Bd4 24.Bc1 Rxe2 25.Kxe2 Na3 26.Bxa3 Qxf4 {#R} 0-1

[Event "Ch DDR"]
[Site "masterchessopen.com Suhl (Germany)"]
[Round "2"]
[White "Heinig Wolfram Dr (GER)"]
[Black "Babrikowski Peter Dr (GER)"]
[Result "1-0"]
[WhiteElo "2321"]
[BlackElo "2255"]

1.d4 g6 2.e4 Bg7 3.c4 d6 4.Nc3 Nf6 5.Be2 O-O 6.Bg5 h6 7.Be3 e5 8.d5 Nbd7 9.Qd2
h5 10.O-O-O Nc5 11.f3 Nh7 12.h4 f5 13.exf5 Bxf5 14.g4 hxg4 15.fxg4 Ne4 16.Nxe4
Bxe4 17.Rh2 c6 18.Bd3 Bxd3 19.Qxd3 Qa5 20.h5 cxd5 21.Qxg6 Rf6 22.Qd3 Rc8
23.Rc2 d4 24.g5 Re6 25.Qf5 Ree8 26.Bxd4 Qxa2 27.h6 Rxc4 28.Bc3 Qa4 29.Rf1 Rf4
30.Rxf4 exf4 31.Qd5+ {#r} 1-0

[Event "Memorial P.Keres (open)"]
[Site "masterchessopen.com Vancouver (Canada)"]
[Round "2"]
[White "Taylor Gordon (CAN)"]
[Black "Grefe John A (USA)"]
[Result "0-1"]
[WhiteElo "2309"]
[BlackElo "2400"]

1.d4 Nf6 2.c4 g6 3.Nc3 Bg7 4.e4 d6 5.Be2 O-O 6.Bg5 h6 7.Be3 c6 8.Qd2 Kh7 9.h4
Ng4 10.Bxg4 Bxg4 11.f3 Bd7 12.h5 g5 13.g4 b5 14.cxb5 cxb5 15.Nge2 b4 16.Nd1
Nc6 17.O-O a5 18.Rc1 Rc8 19.b3 e6 20.d5 Ne5 21.dxe6 fxe6 22.Nd4 Rxc1 23.Qxc1
Qa8 24.Qb1 Kh8 25.Kg2 Qa6 26.Nf2 Nxf3 27.Nxf3 Qe2 28.Qd1 Qxe3 29.Qd3 Rxf3 {#R}
0-1

[Event "Ch Israel"]
[Site "masterchessopen.com Israel"]
[Round "0"]
[White "Bernstein David (ISR)"]
[Black "Liberzon Vladimir M (ISR)"]
[Result "1-0"]
[WhiteElo "2360"]
[BlackElo "2545"]

1.d4 Nf6 2.c4 g6 3.Nc3 Bg7 4.e4 d6 5.Be2 O-O 6.Bg5 h6 7.Be3 c5 8.e5 Nfd7
9.exd6 exd6 10.Nf3 Nc6 11.O-O b6 12.Qd2 Kh7 13.Rad1 Nf6 14.h3 Bf5 15.d5 Na5
16.Bd3 Qd7 17.Bf4 a6 18.b3 Bxd3 19.Qxd3 Rfb8 20.Nd2 b5 21.Nce4 Ne8 22.Qg3 Rd8
23.Rfe1 Nb7 24.Qh4 Qf5 25.Nf3 Rd7 26.Ng3 Qc2 27.Rd2 Qc3 28.Ne4 Qa5 29.Rde2
Rdd8 30.Bxh6 Bxh6 31.Neg5+ Kg7 32.Nxf7 {#r} 1-0

[Event "Ch Baden-Wuerttemberg (b)"]
[Site "masterchessopen.com Stuttgart (Germany)"]
[Round "0"]
[White "Koppenhoefer Bernhard (GER)"]
[Black "Mueller Christian (GER)"]
[Result "0-1"]
[WhiteElo "2069"]
[BlackElo "2205"]

1.d4 Nf6 2.c4 g6 3.Nc3 Bg7 4.e4 d6 5.Be2 O-O 6.Bg5 h6 7.Be3 c5 8.d5 e6 9.Qd2
exd5 10.exd5 Kh7 11.h3 Re8 12.Bd3 Na6 13.Nge2 Nd7 14.b3 Nb4 15.Bb1 b5 16.a3
bxc4 17.bxc4 Nb6 18.axb4 cxb4 19.Bxb6 bxc3 20.Qe3 axb6 21.Qxe8 Rxa1 {#R} 0-1

[Event "Ch Baden-Wuerttemberg (b)"]
[Site "masterchessopen.com Stuttgart (Germany)"]
[Round "0"]
[White "Koppenhoefer Bernhard (GER)"]
[Black "Trettin Ulrich (GER)"]
[Result "1-0"]
[WhiteElo "2069"]
[BlackElo "2194"]

1.d4 Nf6 2.c4 g6 3.Nc3 Bg7 4.e4 d6 5.Be2 O-O 6.Bg5 h6 7.Be3 Nc6 8.d5 Nb8 9.Qd2
Kh7 10.h3 e5 11.h4 Nxe4 12.Nxe4 f5 13.Ng5+ hxg5 14.Bxg5 Bf6 15.Bxf6 Qxf6
16.Nf3 f4 17.O-O-O Na6 18.Ng5+ Kg8 19.Ne4 Qg7 20.g4 f3 21.Bd3 Bxg4 22.Rdg1 Rf4
23.h5 g5 24.h6 Qe7 25.h7+ Kh8 26.Qxf4 exf4 27.Rxg4 Nb4 28.Bb1 Nxa2+ 29.Bxa2
Qxe4 30.Rxg5 Re8 31.Bb1 Qxc4+ 32.Bc2 Qb4 33.b3 Qc3 34.Kb1 Qb4 35.Rhg1 Re4
36.Rg8+ Kxh7 37.R1g4 Kh6 38.Rh4# 1-0